Cuentos + cuentos : antología
Guardado en:
| Formato: | Libro |
|---|---|
| Publicado: |
Buenos Aires :
Letra Impresa,
2013
|
| Series: | Colección Generación Z
|
| Materias: | |
| Etiquetas: |
Agregar Etiqueta
Sin Etiquetas, Sea el primero en etiquetar este registro!
|
| LEADER | 01221nam a22003135a 4500 | ||
|---|---|---|---|
| 001 | CEM.cems014209 | ||
| 005 | 20140325085009.0 | ||
| 008 | 130507s2013##################000#0#####d | ||
| 003 | CEMS | ||
| 020 | |a 9789871565436 | ||
| 082 | 0 | 4 | |a 808.8 |
| 245 | 0 | 0 | |a Cuentos + cuentos : |b antología |
| 260 | |a Buenos Aires : |b Letra Impresa, |c 2013 | ||
| 300 | |a 112 p. | ||
| 490 | 0 | |a Colección Generación Z | |
| 505 | 0 | |a El pan duro de esa bruja / O. Henry -- El pozo / Ricardo Guiraldes -- Las tres muertes del señor Higginbothan / Nathaniel Hawthorne -- La mendiga de Locarno / Heinrich von Kleist -- Los ladrones de cadáveres / Robert Louis Stevenson -- El nuevo acelerador / Herbert George Wells -- El hombre sin cuerpo / Edward Page Mitchell | |
| 653 | |a Literatura | ||
| 653 | |a Antología | ||
| 653 | |a Cuento | ||
| 653 | |a Cuento-antología | ||
| 653 | |a Cuento realista | ||
| 653 | |a Cuento fantástico | ||
| 653 | |a Cuento ciencia ficción | ||
| 653 | |a Literatura realista | ||
| 653 | |a Literatura fantástica | ||
| 653 | |a Literatura ciencia ficción | ||
| 653 | |a Literatura juvenil | ||
| 653 | |a Ministerio de educación-colección literaria | ||
| 859 | |a CEMS |b BIB. CEMS - 11 de abril |h 808.8 |i C984 |p 2001.14 |t Ej.1 | ||
